Sporcle Minesweeper XVIII Quiz Stats

 Plays Quiz not verified by Sporcle

Support Sporcle.
Go Orange.
Score 0/71 Timer 07:00
3 Plays Today
% Correct
???
94.8%
???
92.7%
???
92%
???
92%
???
91.9%
???
91.4%
???
91.2%
???
91.2%
???
90.6%
???
90.5%
???
90.4%
???
90.4%
???
90.2%
???
90%
???
89.3%
???
89.3%
???
89.3%
???
89.3%
???
89.2%
???
89.2%
???
88.4%
???
88.2%
???
88.2%
???
88.1%
???
87.8%
???
87.6%
???
87.4%
???
87.2%
???
86.9%
???
86.8%
???
86.7%
???
86.3%
???
86%
???
86%
???
84.2%
???
81.4%
% Correct
???
81.3%
???
81.1%
???
81.1%
???
81.1%
???
81%
???
81%
???
80.9%
???
80.8%
???
80.8%
???
80.8%
???
80.8%
???
80.8%
???
80.8%
???
80.7%
???
80.7%
???
80.7%
???
80.6%
???
80.6%
???
80.6%
???
80.5%
???
80.3%
???
80.3%
???
80.2%
???
80.2%
???
80.2%
???
80.1%
???
80%
???
80%
???
79.9%
???
79.9%
???
79.5%
???
78.5%
???
77.5%
???
74.9%
???
74.5%

You're not logged in!

Compare scores with friends on all Sporcle quizzes.
OR
Log In

From the Vault

NFL Pro Bowls by Position (2000s)

by Jethro

You'd think some of these guys would be tired of going to Hawaii by now.
Remove Ads.
Support Sporcle.
Get the best of Sporcle when you Go Orange. This ad-free experience offers more features, more stats, and more fun while also helping to support Sporcle. Thank you for becoming a member.

Show Comments

Extras

Top Quizzes Today


Score Distribution

Your Account Isn't Verified!

In order to create a playlist on Sporcle, you need to verify the email address you used during registration. Go to your Sporcle Settings to finish the process.

Report this User

Report this user for behavior that violates our Community Guidelines.

Details: